| 000 | 00628nam a22001937a 4500 | ||
|---|---|---|---|
| 003 | BD-ChCU | ||
| 005 | 20260504113515.0 | ||
| 008 | 260504b uk||||| |||| 00| 0 eng d | ||
| 020 | _a9780128179437 | ||
| 040 | _cBD-ChCU | ||
| 082 |
_223 _a579.88 A222 |
||
| 245 |
_aAdvances in green and sustainable chemistry : _bsustainable seaweed technologies cultivation biorefinery and applications / _cEdited by Maria Dolores Torres. |
||
| 260 |
_aU K : _bEsevier, _c2020 |
||
| 300 | _a732 P. : | ||
| 504 | _aIncludes. | ||
| 650 | 0 |
_aSeaweed technology. _922293 |
|
| 700 |
_aTorres, Maria Dolores _eEditor _922295 |
||
| 942 |
_2ddc _cBK _n0 |
||
| 999 |
_c112625 _d112625 |
||